Statistics for Circassian Diaspora

Click here to take the quiz!

General Stats

  • This quiz has been taken 42 times
  • The average score is 14 of 20

Answer Stats

TotalCountry% Correct
891,500Russia
97%
3,00 milTurkey
95%
25,000United States
92%
290,000Jordan
89%
4,500Canada
86%
75,000Egypt
84%
48,000Germany
84%
120,000Syria
84%
50,000Iran
81%
8,500Israel
81%
10,500Ukraine
81%
28,000Iraq
78%
39,500Saudi Arabia
73%
15,000Brazil
65%
35,000Libya
59%
18,500Argentina
57%
1,000Turkmenistan
46%
5,000Uzbekistan
41%
3,000Netherlands
38%
2,500Belarus
35%

Score Distribution

Percentile by Number Answered

Percent of People with Each Score

Your Score History

You have not taken this quiz